000 00564nam a2200217 a 4500
001 0001-2047
003 ELIB.Books
008 190715 2010 eng
020 _aKBTS
092 _a220.601
_bSug
100 _aSugirtharajah, R.S.
245 _aExploring Postcolonial Biblical Criticism
260 _aChichester
_bWiley-Blackwell
_c2012
300 _a211
_c21 Cm
650 _aHermeneutics
856 _nKBTS Library
_uKBTS Elib
942 _2ddc
_cBK
990 _a1
998 _aEnglishbooks.elf
_ccat
_e2019-07-15
999 _c12047
_d12047